| 000 | 00535nam a2200205Ia 4500 | ||
|---|---|---|---|
| 005 | 20250923144411.0 | ||
| 008 | 008 250917s9999 xx 000 0 eng d | ||
| 037 | _aTextual | ||
| 040 |
_aDSWL _beng _cDSWL |
||
| 041 |
_aeng _2eng |
||
| 084 |
_aQ2z7, H8 _qDSWL |
||
| 100 |
_aRadhakrishnan, S _9824507 |
||
| 245 | 0 |
_aHindu view of life _cby S Radhakrishnan |
|
| 260 |
_aLondon _c1949 |
||
| 300 | _a133 p. | ||
| 365 |
_aINR _b0.6 |
||
| 925 | _g0.6 | ||
| 942 |
_cTEXL _hQ2z7, H8 |
||
| 999 |
_c1438374 _d1438374 |
||